Star Wars Planets in Andor - Statistics

General Stats
  • This quiz has been taken 22 times
  • The average score is 60 of 74
Answer Stats
Hint Answer % Correct
Aldhani Coruscant
100%
The Axe Forgets Coruscant
100%
The Eye Coruscant
100%
Announcement Coruscant
100%
Narkina 5 Coruscant
100%
Nobody's Listening Coruscant
100%
One Way Out Coruscant
100%
Daughter of Ferrix Coruscant
100%
Rix Road Coruscant
100%
Sagrona Teema Coruscant
100%
Harvest Coruscant
100%
Ever Benn to Ghorman? Coruscant
100%
I Have Friends Everywhere Coruscant
100%
What a Festive Evening Coruscant
100%
Messenger Coruscant
100%
Who Are You? Coruscant
100%
Welcome to the Rebellion Coruscant
100%
Make It Stop Coruscant
100%
Who Else Knows? Coruscant
100%
Jedha, Kyber, Erso Coruscant
100%
Kassa Ferrix
100%
That Would Be Me Ferrix
100%
Reckoning Ferrix
100%
Aldhani Ferrix
100%
The Axe Forgets Ferrix
100%
Announcement Ferrix
100%
Narkina 5 Ferrix
100%
Nobody's Listening Ferrix
100%
One Way Out Ferrix
100%
Daughter of Ferrix Ferrix
100%
Rix Road Ferrix
100%
Aldhani Aldhani
89%
The Axe Forgets Aldhani
89%
The Eye Aldhani
89%
Announcement Aldhani
89%
Ever Benn to Ghorman? Ghorman
89%
I Have Friends Everywhere Ghorman
89%
What a Festive Evening Ghorman
89%
Messenger Ghorman
89%
Who Are You? Ghorman
89%
One Year Later Yavin 4
89%
Sagrona Teema Yavin 4
89%
Messeneger Yavin 4
89%
Welcome to the Rebellion Yavin 4
89%
Who Else Knows? Yavin 4
89%
Jedha, Kyber, Erso Yavin 4
89%
Kassa Kenari
78%
That Would Be Me Kenari
78%
Reckoning Kenari
78%
Narkina 5 Narkina 5
78%
Nobody's Listening Narkina 5
78%
One Way Out Narkina 5
78%
Daughter of Ferrix Narkina 5
78%
Kassa Morlana One
67%
That Would Be Me Morlana One
67%
Aldhani Morlana One
67%
One Year Later Chandrila
56%
Sagrona Teema Chandrila
56%
Harvest Chandrila
56%
One Year Later Mina-Rau
56%
Sagrona Teema Mina-Rau
56%
Harvest Mina-Rau
56%
Jedha, Kyber, Erso Mina-Rau
56%
Announcement Niamos
56%
Narkina 5 Niamos
56%
Daughter of Ferrix Niamos
56%
One Year Later Sienar
56%
Rix Road Scarif
44%
The Eye Frezno
33%
Make It Stop Naboo
33%
Narkina 5 Segra Milo
33%
Daughter of Ferrix Segra Milo
33%
Ever Benn to Ghorman? D'Qar
22%
I Have Friends Everywhere D'Qar
22%
No matching quizzes found
Score Distribution
Percent of People with Each Score
Percentile by Number Answered
Your Score History
You have not taken this quiz